Детали и сборочные единицы универсально-сборной переналаживаемой оснастки к металлорежущим станкам: каталог К.31.122.40-88

Detalhes bibliográficos
Autor Corporativo: СССР Государственный комитет по стандартам (Госстандарт)
Outros Autores: Владимиров А. Л. (редактор)
Idioma:russo
Publicado em: Москва, Стандарты, 1990
Assuntos:
Formato: MixedMaterials Livro
KOHA link:https://koha.lib.tpu.ru/cgi-bin/koha/opac-detail.pl?biblionumber=117028

MARC

LEADER 00000nam0a2200000 4500
001 117028
005 20231031123517.0
035 |a (RuTPU)RU\TPU\book\126645 
035 |a RU\TPU\book\126638 
090 |a 117028 
100 |a 20070530d1990 k y0rusy50 ca 
101 0 |a rus 
102 |a RU 
105 |a a b 000zy 
200 1 |a Детали и сборочные единицы универсально-сборной переналаживаемой оснастки к металлорежущим станкам  |e каталог К.31.122.40-88  |f Государственный комитет СССР по стандартам; под ред. А. Л. Владимирова 
210 |a Москва  |c Стандарты  |d 1990 
215 |a 64 с.  |c ил. 
610 1 |a каталоги 
610 1 |a детали 
610 1 |a сборочные единицы 
610 1 |a механизация 
610 1 |a металлорежущие станки 
610 1 |a универсально-сборные приспособления 
610 1 |a характеристики 
610 1 |a размеры 
610 1 |a оснастка 
610 1 |a номенклатура 
610 1 |a кодирование 
675 |a 621.9(085)  |v 3 
702 1 |a Владимиров  |b А. Л.  |4 340 
712 0 1 |a СССР  |b Государственный комитет по стандартам (Госстандарт)  |c (1978-1989)  |2 stltpush  |3 (RuTPU)RU\TPU\col\12454 
801 1 |a RU  |b 63413507  |c 20070530  |g PSBO 
801 2 |a RU  |b 63413507  |c 20200728  |g PSBO 
942 |c BK